El proceso de ejecución (Registro nro. 22108)
[ vista simple ]
| 000 -Cabecera | |
|---|---|
| Campo de control interno | 00758nam a2200229Ia 4500 |
| 005 - Fecha y hora del registro | |
| control field | 20260416153040.0 |
| 008 - Elementos de Longitud Fija | |
| fixed length control field | 260320s9999||||xx |||||||||||||| ||und|| |
| 020 ## - ISBN | |
| ISBN | 9786123226596 |
| 041 ## - Idioma | |
| Codigo Idioma | ESP |
| 082 ## - DEWEY y NOTACIÓN INTERNA | |
| Dewey | 345.723 |
| Notación Interna | S45 |
| 100 ## - AUTOR | |
| Autor denominación | Sevilla Agurto, Percy Howell, |
| Término de relación | autor |
| 245 #0 - TÍTULO DE MATERIAL BIBLIOGRÁFICO | |
| Título | El proceso de ejecución |
| 250 ## - EDICIÓN | |
| Edición | Primera edición |
| 260 ## - CIUDAD, EDITORIAL, AÑO | |
| Ciudad | Lima : |
| Nombre de la Editorial | Instituto Pacífico, |
| Año | 2026 |
| 300 ## - DESCRIPCIÓN | |
| N° Páginas | 574 páginas : |
| Otros detalles | mapas ; |
| Dimensiones | 25 cm. |
| 650 ## - TEMAS | |
| Temas | Ciencias Sociales |
| 653 ## - DESCRIPTORES | |
| Lenguajes no controlado | Derecho procesal civil; Proceso ejecutivo |
| 654 ## - PROGRAMAS | |
| Programa | |
| 856 ## - URL - UBICACIÓN | |
| URI/URL: Enlace exacto del recurso | <a href="https://0u214t5f7-y-https-app-vlex-com.itmsp.museknowledge.com/search/jurisdiction:PE/el+proceso+de+ejecuci%C3%B3n">https://0u214t5f7-y-https-app-vlex-com.itmsp.museknowledge.com/search/jurisdiction:PE/el+proceso+de+ejecuci%C3%B3n</a> |
| Nota pública: Versión digital | <a href="Véase además: Base de datos Vlex">Véase además: Base de datos Vlex</a> |
| 942 ## - ELEMENTOS DE KOHA | |
| Tipo de documento | Libro |
| Nombre del creador | Justo Noguera |
| Código de catalogador | Mirtha Ponce |
| Esquema de clasificación | Dewey Decimal Classification |
| Codigo completo | Registro | Colección | Copia número | Disponibilidad | Tipo de préstamo | Biblioteca Actual | Procedencia (Biblioteca) | Ubicacón | Fecha Ingreso | Tipo de Adquisición | Observación | Date last seen | Total checkouts | Price effective from | Tipo de Item | Estado del Material | Fuente de Clasificación | Damaged status | Withdrawn status |
|---|---|---|---|---|---|---|---|---|---|---|---|---|---|---|---|---|---|---|---|
| 345.723 S45 | 1088203 | Universidad Católica San Pablo | 1 | Disponible | Disponible | Víctor Andrés Belaunde | Víctor Andrés Belaunde | Primer piso | 10/03/2026 | Suscripción | Derecho | 20/03/2026 | 20/03/2026 | Libro | Bueno | Dewey Decimal Classification |




